Backward areas in advanced countries: proceedings of a conference held by the International Economic Association [at Varenna, 1957];

Saved in:
Bibliographic Details
Corporate Authors: International Economic Association, European Centre for the Co-ordination of Research and Documentation in Social Sciences
Other Authors: Robinson, E. A. G. (Edward Austin Gossage) (ed.)
Format: Book
Language:English
Published: London, Melbourne [etc.] New York, Macmillan; St. Martin's Press, 1969.
Subjects:
LEADER 01384nam a2200301 a 4500
001 c000068473
003 CARM
005 00000000000000.0
008 691024s1969 enkab b 10100 eng
015 |a B69-16787 
019 1 |a 32814  |z 46010681  |z 55515031  |5 LACONCORD2021 
020 |a 0333101804 
035 |a (OCoLC)22831  |5 LACONCORD2021 
050 0 0 |a HD82  |b .B215 1969 
245 0 0 |a Backward areas in advanced countries:  |b proceedings of a conference held by the International Economic Association [at Varenna, 1957];  |c edited by E. A. G. Robinson. 
260 |a London,  |a Melbourne [etc.]  |b Macmillan;  |a New York,  |b St. Martin's Press,  |c 1969. 
300 |a xviii, 474 p.  |b illus., maps.  |c 23 cm. 
500 |a Held jointly with the European Centre for the Co-ordination of Research and Documentation. 
504 |a Bibliographical footnotes. 
650 0 |a Economic development. 
650 0 |a Regional planning. 
700 1 |a Robinson, E. A. G.  |q (Edward Austin Gossage)  |e ed. 
710 2 0 |a International Economic Association. 
710 2 0 |a European Centre for the Co-ordination of Research and Documentation in Social Sciences. 
852 8 |b CARM  |h A2:AI22F0  |i C04439  |p 0184314  |f BK 
082 0 4 |a 338.9 
999 f f |i 1eaa8535-e7e1-590e-8021-768fbf30950d  |s 11a9eb85-9aea-5ff4-8a07-74b678ff77ad 
952 f f |p Can circulate  |a CAVAL  |b CAVAL  |c CAVAL  |d CARM 1 Store  |e C04439  |f A2:AI22F0  |h Other scheme  |i book  |m 0184314